Library of the University of Algiers 3
Ibrahim Sultan Cheibout
شعار جامعة الجزائر 3
مكتبة جامعة الجزائر 3
إبراهيم سلطان شيبوط

المحاسبة العامة 1و2 دروس + تمارين محلولة : (رقم التسجيلة. 41332)

تفاصيل مارك
000 -LEADER
fixed length control field 01579nam a2200241Ia 4500
003 - CONTROL NUMBER IDENTIFIER
control field Ost
005 - DATE AND TIME OF LATEST TRANSACTION
control field 20260416102359.0
008 - FIXED-LENGTH DATA ELEMENTS--GENERAL INFORMATION
fixed length control field 260416s9999||||xx |||||||||||||| ||und||
040 ## - CATALOGING SOURCE
Transcribing agency fsecg
041 ## - LANGUAGE CODE
Language code of text/sound track or separate title ara
082 ## - DEWEY DECIMAL CLASSIFICATION NUMBER
Classification number 657
100 ## - MAIN ENTRY--PERSONAL NAME
Personal name زغمار، أمينة
Relator term مؤلف
245 #0 - TITLE STATEMENT
Title المحاسبة العامة 1و2 دروس + تمارين محلولة :
Remainder of title موجهة لطلبة السنة الاولى جذع مشترك ل. م .د /
Statement of responsibility, etc. أمينة زغمار
260 ## - PUBLICATION, DISTRIBUTION, ETC.
Place of publication, distribution, etc. الجزائر
Name of publisher, distributor, etc. جامعة الجزائر3: كلية العلوم الإقتصادية، العلوم التجارية وعلوم التسيير
Date of publication, distribution, etc. 2022
300 ## - PHYSICAL DESCRIPTION
Extent 140 ورقة
Other physical details ايضاحات
Dimensions 12 سم
504 ## - BIBLIOGRAPHY, ETC. NOTE
Bibliography, etc. note المراجع ص.139
520 ## - SUMMARY, ETC.
Summary, etc. مفاهيم عامة حول المؤسسة والمحاسبة المالية،الميزانية ،الدفاتر المحاسبية والدورة المحاسبية،الصنف الأول رؤوس الأموال الخاصة،الصنف الثاني التثبيتات،الصنف الثالث المخزونات،الصنف الرابع حسابات الغير،الصنف الخامس الحسابات المالية،حسابات التسيير،أعمال نهاية السنة،تقديم القوائم المالية،
653 ## - INDEX TERM--UNCONTROLLED
Uncontrolled term القوائم المالية
653 ## - INDEX TERM--UNCONTROLLED
Uncontrolled term المحاسبة العامة
653 ## - INDEX TERM--UNCONTROLLED
Uncontrolled term الميزانية
710 ## - ADDED ENTRY--CORPORATE NAME
Corporate name or jurisdiction name as entry element جامعة الجزائر3: كلية العلوم الإقتصادية، العلوم التجارية وعلوم التسيير
Relator term ناشر علمي
942 ## - ADDED ENTRY ELEMENTS (KOHA)
Koha item type مطبوعات
المقتنيات
Withdrawn status Lost status Source of classification or shelving scheme Damaged status Not for loan Home library Current library Date acquired Serial enumeration / chronology Inventory number Total checkouts Full call number Barcode Date last seen Price effective from Koha item type
    Dewey Decimal Classification   NOT LOAN / إعارة داخلية مكتبة كلية العلوم الإقتصادية والعلوم التجارية وعلوم التسيير مكتبة كلية العلوم الإقتصادية والعلوم التجارية وعلوم التسيير 16/04/2026 الطابق الثاني مط.588-1   مط.588 ن1 مط.588-1 16/04/2026 16/04/2026 مطبوعات

موارد الويب المفتوحة


© University of Algiers 3 All Rights Reserved
|
Implemented by LECHELAH Riad